000 00685nam a2200217Ia 4500
001 14985
003 GE_BSU
008 181216s||||||||xx |||||||||||||| ||und||
040 _cGE_BSU
080 _a517.51
100 _aБурбаки,Н.
245 _aФункции действительного переменного. Элементарная теория
245 _cПер. с франц. Е.И.Стечкиной.
260 _aМосква
260 _bНаука
260 _c1965
300 _a423стр.22см.
653 _aФункции действительного переменного
653 _aЭлементарная теория
942 _cBK
999 _c48104
_d48104